|
|
|
|
| LEADER |
01868nam a2200505 i 4500 |
| 001 |
001616415 |
| 003 |
CZ BrMZK |
| 005 |
20180305074526.0 |
| 007 |
ta |
| 008 |
180214s2016 xxuac d 001 0beng |
| 020 |
|
|
|a 978-1-61620-415-0
|q (vázáno)
|
| 040 |
|
|
|a BOA001
|b cze
|e rda
|
| 043 |
|
|
|a e-fr---
|a e-gx---
|
| 045 |
|
|
|a x-x-
|
| 072 |
|
7 |
|a 00
|x Věda. Všeobecnosti. Základy vědy a kultury. Vědecká práce
|2 Konspekt
|9 12
|
| 072 |
|
7 |
|a 929
|x Biografie
|2 Konspekt
|9 8
|
| 080 |
|
|
|a 001-055.2
|2 MRF
|
| 080 |
|
|
|a 929
|2 MRF
|
| 080 |
|
|
|a (44)
|2 MRF
|
| 080 |
|
|
|a (436)
|2 MRF
|
| 080 |
|
|
|a 001-026.12
|2 MRF
|
| 080 |
|
|
|a 539.16
|2 MRF
|
| 080 |
|
|
|a (092)
|2 MRF
|
| 080 |
|
|
|a (0.053.6)
|2 MRF
|
| 100 |
1 |
|
|a Conkling, Winifred,
|d 1961-
|7 mzk2018983840
|4 aut
|
| 245 |
1 |
0 |
|a Radioactive! :
|b how Irène Curie & Lise Meitner revolutionized science and changed the world /
|c Winifred Conkling
|
| 264 |
|
1 |
|a Chapel Hill :
|b Algonquin Young Readers,
|c 2016
|
| 300 |
|
|
|a 227 stran :
|b ilustrace, portréty ;
|c 24 cm
|
| 336 |
|
|
|a text
|b txt
|2 rdacontent
|
| 337 |
|
|
|a bez média
|b n
|2 rdamedia
|
| 338 |
|
|
|a svazek
|b nc
|2 rdacarrier
|
| 504 |
|
|
|a Obsahuje bibliografii, bibliografické odkazy a rejstřík
|
| 600 |
1 |
7 |
|a Joliot-Curie, Irène,
|d 1897-1956
|7 jn20000603240
|
| 600 |
1 |
7 |
|a Meitner, Lise,
|d 1878-1968
|7 nlk20010097115
|
| 648 |
|
7 |
|a 20. století
|7 ch460558
|
| 650 |
0 |
7 |
|a vědkyně
|z Francie
|y 20. století
|7 ph395713
|2 czenas
|
| 650 |
0 |
7 |
|a vědkyně
|z Rakousko
|y 20. století
|7 ph395713
|2 czenas
|
| 650 |
0 |
7 |
|a vědecká činnost
|7 ph138035
|2 czenas
|
| 650 |
0 |
7 |
|a radioaktivita
|7 ph124974
|2 czenas
|
| 655 |
|
7 |
|a biografie
|7 fd131909
|2 czenas
|
| 655 |
|
7 |
|a publikace pro mládež
|7 fd133157
|2 czenas
|
| 910 |
|
|
|a BOA001
|b 2-1400.583
|
| 990 |
|
|
|a BK
|
| 991 |
|
|
|b 201803
|c NOV
|
| 996 |
7 |
|
|b 2610735178
|c 2-1400.583
|l MZK
|r Sklad / do 1 hodiny
|n 1
|p dar
|w 001652071
|u 000010
|a 1
|e BOA001
|j MZK50
|s A
|